000 01059nam a2200301 4500
001 178098
003 ES-MaACL
005 20250929063256.0
008 110517s2009 sp acfo |||| |dspa d
020 _a978-84-96797-20-8
080 _a061.236.6(091)
080 _a061.236.072
100 1 _aSánchez Casado, Galo,
_d1949-
_9146580
245 1 4 _aLos altos grados de la masonería /
_cGalo Sánchez Casado.
260 _aTres Cantos, Madrid :
_bAkal,
_c[2009]
300 _a495 p. :
_bil. col. y n., fot. ;
_c22 cm.
490 1 _aInvestigación ;
_v97
504 _aBibliografía: p. 489-492.
610 2 4 _aMasonería-
_vHistoria
_95668
610 2 7 _aMasonería-
_xRituales.
_9146581
650 4 _aSimbolismo masónico.
_9145652
830 0 _aInvestigación ;
_v97
_9179198
852 _aES-MaACL
_9184957
_bR.145422
_jA-11196
_dOlim: N-4200
_cDEPO1
_xDonación: Galo Sánchez Casado
903 _aSánchez Casado, Galo,
_d1949-
_ednr
_9146580
942 _2udc
_cMONOGRAFIA
999 _c178098
_d178098